Putinove vojny od Čečenska po Ukrajinu

Salvato in:
Dettagli Bibliografici
Autore principale: Galeotti, Mark
Natura: Libro
Lingua:slovacco
Pubblicazione: Bratislava IKAR 2023
Soggetti:
Tags: Aggiungi Tag
Nessun Tag, puoi essere il primo ad aggiungerne!!

MARC

LEADER 00000nam a2200000 4500
001 0304227
005 20250108114128.5
020 |a 978-80-551-9104-1 
041 0 |a slo 
044 |a SK 
245 1 0 |a Putinove vojny  |b od Čečenska po Ukrajinu  |c Mark Galeotti 
264 1 |a Bratislava  |b IKAR  |c 2023 
300 |a 479 s. 
610 2 0 |a konflikty medzinárodné 
610 2 0 |a politika medzinárodná 
610 2 0 |a politika svetová 
610 2 0 |a vzťahy politické medzinárodné 
610 2 0 |a Rusko 
100 1 |a Galeotti, Mark